MARC

LEADER 00000nam0a2200000 4500
001 116867
005 20231031123438.0
035 |a (RuTPU)RU\TPU\book\126469 
090 |a 116867 
100 |a 20070529d1990 k y0rusy50 ca 
101 0 |a rus 
102 |a RU 
105 |a a b 000zy 
200 1 |a Тиристоры  |e сводный отраслевой каталог  |f Всесоюзный научно-исследовательский институт информации и технико-экономических исследований в электротехнике (Информэлектро); сост. Н. Н. Крюкова; Л. В. Куликова; М. Ю. Лебедева; Е. М. Егорова; О. М. Хальзова 
210 |a Москва  |c Информэлектро  |d 1990 
215 |a 168 с.  |c ил. 
610 1 |a каталоги 
610 1 |a назначение 
610 1 |a технические характеристики 
610 1 |a заводы-изготовители 
610 1 |a тиристоры 
610 1 |a тиристоры быстродействующие 
610 1 |a тиристоры лавинные 
610 1 |a тиристоры малой мощности 
675 |a 621.382.233(085)  |v 3 
702 1 |a Крюкова  |b Н. Н.  |4 220 
702 1 |a Куликова  |b Л. В.  |4 220 
702 1 |a Лебедева  |b М. Ю.  |4 220 
702 1 |a Егорова  |b Е. М.  |4 220 
702 1 |a Хальзова  |b О. М.  |4 220 
712 0 2 |a Всесоюзный научно-исследовательский институт информации и технико-экономических исследований в электротехнике (Информэлектро)  |2 stltpush  |3 (RuTPU)RU\TPU\col\10404 
801 1 |a RU  |b 63413507  |c 20070529  |g PSBO 
942 |c BK